000 00964nas a2200313 4500
001 BR0601414
003 BR-BrBNA
005 20231205105923.0
007 ta
008 230509b bl.|||p| |||| 00| 00por d
040 _aBR-BrBNA
_bpor
_cBiblioteca Nacional de Agricultura
041 _a(Pt)
072 _aL02; L51
100 1 _aTrindade Neto, M.A. da
100 1 _aMoreira, J.A.
100 1 _aBerto, D.A.
100 1 _aAlbuquerque, R.
100 1 _aSchammass, E.A.
245 1 _aEnergia metabolizável e lisina digestível para suínos na fase de crescimento, criados em condições de segregação sanitária
650 _aSUÍNO
650 _aLISINA
650 _aRAÇÃO
650 _aGANHO DE PESO
650 _aDIETA
650 _aCONFINAMENTO
773 0 _tRevista Brasileira de Zootecnia (Brazil)
_xISSN 1516-3598
_g(Nov-Dec 2005), v. 34(6) p. 1980-1989
_wBR0601414
909 _a202311
_bLúcia
_c55
_dLúcia Elande
942 _2AGRIS
_n0
_cANA
999 _c185367
_d185367